000 00294nam a2200121 i 4500
001 bg
245 0 _aSbornik zadac po teoreticeskoj fizike /
_caut.: L.G. Grecko i in.
260 _aMoskwa,
_c1972.
040 _cBPK
041 _apol
942 _cKS
008 s pl f |000 0 pol
999 _c15450
_d15450
856 _uhttp://koha.tu.koszalin.pl/cgi-bin/koha/opac-detail.pl?biblionumber=15450
_yKatalog online BPK